000 00387 a2200157 4500
001 60081
020 _a9788504007961
040 _cAnchieta - Pituba
100 _aAzevedo, Àlves de
240 1 0 _aAntologia da poesia romântica brasileira
_lpor
245 1 0 _aAntologia da poesia romântica brasileira
300 _a286
362 0 _a2007
650 4 _aPoesia brasileira
942 _cBK
999 _c60081
_d60081